| 000 | 02172nam a2200457 i 4500 | ||
|---|---|---|---|
| 001 | ebr10835960 | ||
| 003 | CaPaEBR | ||
| 006 | m o d | ||
| 007 | cr cn||||||||| | ||
| 008 | 130510t20142014alu ob 001 0 eng|d | ||
| 020 | _z9780817313289 (trade cloth : alk. paper) | ||
| 020 | _a9780817381073 (e-book) | ||
| 040 |
_aCaPaEBR _beng _erda _epn _cCaPaEBR |
||
| 035 | _a(OCoLC)870228712 | ||
| 043 | _an-us-al | ||
| 050 | 1 | 4 |
_aF335.J5 _bP83 2013eb |
| 082 | 0 | 4 |
_a305.892/40761 _223 |
| 100 | 1 | _aPuckett, Dan J. | |
| 245 | 1 | 0 |
_aIn the shadow of Hitler : _bAlabama's Jews, the Second World War, and the Holocaust / _cDan J. Puckett. |
| 264 | 1 |
_aTuscaloosa : _bThe University of Alabama Press, _c[2014] |
|
| 264 | 4 | _c�2014 | |
| 300 | _a1 online resource (343 pages). | ||
| 336 |
_atext _2rdacontent |
||
| 337 |
_acomputer _2rdamedia |
||
| 338 |
_aonline resource _2rdacarrier |
||
| 490 | 1 | _aThe modern South | |
| 504 | _aIncludes bibliographical references and index. | ||
| 505 | 0 | _aAlabama's Jews and Nazism, 1933-38 -- The refugee crisis, 1938-41 -- Zionism in Alabama, 1933-45 -- The Alabama press, Nazi antisemitism, and the holocaust -- The war -- Antisemitism and racism during the war -- Postwar Alabama. | |
| 588 | _aDescription based on print version record. | ||
| 590 | _aElectronic reproduction. Palo Alto, Calif. : ebrary, 2014. Available via World Wide Web. Access may be limited to ebrary affiliated libraries. | ||
| 650 | 0 |
_aJews _zAlabama _xHistory _y20th century. |
|
| 650 | 0 |
_aWorld War, 1939-1945 _xJews _zAlabama. |
|
| 650 | 0 |
_aWorld War, 1939-1945 _xRefugees _zAlabama. |
|
| 650 | 0 | _aHolocaust, Jewish (1939-1945) | |
| 651 | 0 |
_aAlabama _xEthnic relations. |
|
| 655 | 0 | _aElectronic books. | |
| 776 | 0 | 8 |
_iPrint version: _aPuckett, Dan J. _tIn the shadow of Hitler : Alabama's Jews, the Second World War, and the Holocaust. _dTuscaloosa : The University of Alabama Press, [2014] _hxiv, 326 pages _kThe modern South _z9780817313289 _w(DLC)10835960 |
| 797 | 2 | _aebrary. | |
| 830 | 0 | _aModern South. | |
| 856 | 4 | 0 |
_uhttp://site.ebrary.com/lib/rucke/Doc?id=10835960 _zAn electronic book accessible through the World Wide Web; click to view |
| 999 |
_c88473 _d88473 |
||